000 00312nam a2200133 4500
005 20260530113908.0
100 1 _aPaco Asencio
_933047
245 1 0 _aStaricases
264 1 _bTeNeues
_c2004
300 _a400 páginas
336 _atexto
_2rdacontent
337 _asin medio
_2rdamedia
338 _avolumen
_2rdacarrier
999 _c12034
_d12034